• 首页
  • 本馆介绍
  • 公告通知
  • 最新文献
  • 馆藏检索
  • 电子资源
  • 读者导购
  • 参考咨询
  • 我的图书馆
  • 登录
  • 详细信息显示
  • 放入我的书架
  • 预约/预借图书
  • 作者相关作品
  • 分类相关作品
  • 丛书相关作品
  • 出版社相关作品

书目信息

  • 表格格式
  • 工作单格式
  • 卡片格式
题名:
聚合反应工程基础
    
 
作者: 史子瑾 主编
分册:  
出版信息: 北京   化学工业出版社  2011.1
页数: 229页
开本: 26cm
丛书名:
单 册:
中图分类: TQ311
科图分类:
主题词: 高聚物反应--化学反应工程--高等学校--教材 , 化学反应工程--高聚物反应--高等学校--教材
电子资源:
ISBN: 978-7-5025-0940-8
000 00766nam0 2200253 45
001 311926
005 20130606163547.50
010    @a978-7-5025-0940-8@dCNY24.00
100    @a20130606d2011 em y0chiy0110 ea
101 0  @achi
102    @aCN@b110000
105    @ay z 000yy
106    @ar
200 1  @a聚合反应工程基础@AJu He Fan Ying Gong Cheng Ji Chu@f史子瑾主编@FShi Zi Jin Zhu Bian
210    @a北京@c化学工业出版社@d2011.1
215    @a229页@d26cm
300    @a高等学校教材
314    @a史子瑾,浙江大学副教授
606 0  @a高聚物反应@x化学反应工程@x高等学校@j教材
606 0  @a化学反应工程@x高聚物反应@x高等学校@j教材
690    @aTQ311@v5
701  0 @a史子瑾@AShi Zi Jin@4主编
801    @aCN@bTANGWEI@c20130523
905    @b0836070-73@dTQ311@e8@f4
    
    聚合反应工程基础/史子瑾主编.-北京:化学工业出版社,2011.1
    229页;26cm
    高等学校教材
    
    ISBN 978-7-5025-0940-8:CNY24.00
    
●
相关链接 在E读中查询图书 在五车中查询图书 在当当中查询图书 在豆瓣中查询图书


正题名:聚合反应工程基础     索取号:TQ311/8         预约/预借

序号 登录号 条形码 馆藏地/架位号 状态 备注
1 0836070   208360708   第二样本阅览室/ [索取号:TQ311/8] 在馆    
2 0836071   208360717   第三借阅区/ [索取号:TQ311/8] 在馆    
3 0836072   208360726   第三借阅区/ [索取号:TQ311/8] 在馆    
4 0836073   208360735   密集书库-化学系/ [索取号:TQ311/8] 在馆    
唐山师范学院图书馆 欢迎您!
大连网信软件有限公司© 版权所有